书目信息 |
| 题名: |
黄河小浪底水利枢纽志
|
|
| 作者: | ;水利部 编 | |
| 分册: | 上 | |
| 出版信息: | 郑州 黄河水利出版社 2021.03 |
|
| 页数: | 22, 22, 774页 | |
| 开本: | 26cm | |
| 丛书名: | ||
| 单 册: | ||
| 中图分类: | TV632.613 | |
| 科图分类: | ||
| 主题词: | ||
| 电子资源: | ||
| ISBN: | 978-7-5509-2973-9 | |
| 000 | 00940nam0 2200229 450 | |
| 001 | 011025153605 | |
| 005 | 20221025153605.0 | |
| 010 | @a978-7-5509-2973-9@b精装@dCNY340.00 | |
| 100 | @a20201004d2021 emky0chiy0120 ea | |
| 101 | 0 | @achi |
| 102 | @aCN@b410000 | |
| 105 | @aab igz 001yy | |
| 106 | @ar | |
| 200 | 1 | @a黄河小浪底水利枢纽志@Ahuang he xiao lang di shui li shu niu zhi@h上@f水利部小浪底水利枢纽管理中心, 《黄河小浪底水利枢纽志》编纂委员会编 |
| 210 | @a郑州@c黄河水利出版社@d2021.03 | |
| 215 | @a22, 22, 774页@c图, 照片, 地图@d26cm | |
| 330 | @a本书记述了小浪底工程论证决策、规划设计、建设管理、工程施工、工程监理、征地移民、环境保护、枢纽调度、运行管理、成就与效益等方面的内容。 | |
| 607 | @a黄河@Ahuang he@x水利枢纽@x水利工程@x概况@y洛阳 | |
| 610 | 0 | @a小浪底@Axiao lang di |
| 690 | @aTV632.613@v5 | |
| 711 | 02 | @a水利部@Ashui li bu@b小浪底水利枢纽管理中心@3UCS10001746538@4编 |
| 905 | @a河南城建学院图书馆@dTV632.613@eS673 | |
| 黄河小浪底水利枢纽志.上/水利部小浪底水利枢纽管理中心, 《黄河小浪底水利枢纽志》编纂委员会编.-郑州:黄河水利出版社,2021.03 |
| 22, 22, 774页:图, 照片, 地图;26cm |
| ISBN 978-7-5509-2973-9(精装):CNY340.00 |
| 本书记述了小浪底工程论证决策、规划设计、建设管理、工程施工、工程监理、征地移民、环境保护、枢纽调度、运行管理、成就与效益等方面的内容。 |
| ● |
| 相关链接 |
|
|
|
正题名:黄河小浪底水利枢纽志
索取号:TV632.613/S673
 
预约/预借
| 序号 | 登录号 | 条形码 | 馆藏地/架位号 | 状态 | 备注 |
| 1 | 1588598 | 215885987 | 自科库501/501自科库 48排2列2层/ [索取号:TV632.613/S673] | 在馆 |